• 首页
  • 本馆介绍
  • 公告通知
  • 最新文献
  • 馆藏检索
  • 电子资源
  • 读者导购
  • 参考咨询
  • 我的图书馆
  • 登录
  • 详细信息显示
  • 放入我的书架
  • 预约/预借图书
  • 作者相关作品
  • 分类相关作品
  • 丛书相关作品
  • 出版社相关作品

书目信息

  • 表格格式
  • 工作单格式
  • 卡片格式
书名: Social causes of psychological distress
作者: John Mirowsky, Catherine E. Ross.
分册号:
分册名:
出版地: New York :
 
出版社: Aldine de Gruyter
出版时间: c1989.
页数: vii, 214 p. :
开本: 24 cm.
丛书名: Social institutions and social change
中图分类号:
科图分类号:
其他分类号: B84
主题词:
电子资源:
000 01180pam a2200349 a 450
001 E0739099849
005 20070514084236.90
008 890328s1989 nyua b 001 0 eng c
010    @a89006703
020    @a0202303551 (pbk.).
020    @a0202303543.
035    @A(DLC) 89006703
040    @aDNLM/DLC@cDLC@dDLC
050 00 @aRC455.4.S87@bM57 1989
060    @aWM 172 M676s
082 00 @a155.9/2@2 20
090    @aB84
099    @dB84@ex13
100 1  @aMirowsky, John,@d1949-
245 10 @aSocial causes of psychological distress / @cJohn Mirowsky, Catherine E. Ross.
260    @aNew York :@bAldine de Gruyter,@cc1989.
300    @avii, 214 p. :@bill. ;@c24 cm.
440  0 @aSocial institutions and social change
500    @aIncludes bibliographical references (p. 193-205).
650  2 @aSocial Environment.
650  2 @aSocioeconomic Factors.
650  2 @aStress, Psychological@xetiology.
650  0 @aStress (Psychology)@xSocial aspects.
650  0 @aSocial psychology.
700 1  @aRoss, Catherine E.,@d1953-
906    @a7@bcbc@corignew@d1@eocip@f19@gy-gencatlg
991    @bc-GenColl@hRC455.4.S87@iM57 1989@p00020203894@tCopy 1@wBOOKS
    
    Social causes of psychological distress / / John Mirowsky, Catherine E. Ross.-New York : : Aldine de Gruyter, , c1989.
    vii, 214 p. : : ill. ; ; 24 cm.- (Social institutions and social change )
    Includes bibliographical references (p. 193-205).
    
    ISBN 0202303551 (pbk.).
    
●
相关链接 在E读中查询图书 在五车中查询图书 在当当中查询图书 在豆瓣中查询图书


正题名:Social causes of psychological distress     索取号:B84/x13         预约/预借

序号 登录号 条形码 馆藏地/架位号 状态 备注
1 5014   300050147   第二样本阅览室/ [索取号:B84/x13] 在馆    
2 5015   300050156   第四借阅区/ [索取号:B84/x13] 在馆    
3 8971   300089712   第四借阅区/ [索取号:B84/x13] 在馆    
唐山师范学院图书馆 欢迎您!
大连网信软件有限公司© 版权所有